Giáo trình Luật ngân hàng Việt Nam : (Dùng trong các Trường Đại học chuyên ngành Luật, Ngân hàng, Kinh tế)
Trình bày tổng quan về pháp luật ngân hàng Việt Nam, tổ chức tín dụng, pháp luật về huy động vốn của tổ chức tín dụng, pháp luật về thanh toán qua tài khoản,...
Spremljeno u:
| Glavni autor: | |
|---|---|
| Format: | Knjiga |
| Jezik: | Undetermined |
| Izdano: |
Hà Nội
Giáo dục Việt Nam
2010
|
| Teme: | |
| Oznake: |
Dodaj oznaku
Bez oznaka, Budi prvi tko označuje ovaj zapis!
|
| Thư viện lưu trữ: | Trung tâm Học liệu Trường Đại học Cần Thơ |
|---|
| LEADER | 01056nam a2200253Ia 4500 | ||
|---|---|---|---|
| 001 | CTU_166920 | ||
| 008 | 210402s9999 xx 000 0 und d | ||
| 020 | |c 36000 | ||
| 082 | |a 346.597082 | ||
| 082 | |b H103 | ||
| 100 | |a Trần, Vũ Hải | ||
| 245 | 0 | |a Giáo trình Luật ngân hàng Việt Nam : | |
| 245 | 0 | |b (Dùng trong các Trường Đại học chuyên ngành Luật, Ngân hàng, Kinh tế) | |
| 245 | 0 | |c Trần Vũ Hải (chủ biên) | |
| 260 | |a Hà Nội | ||
| 260 | |b Giáo dục Việt Nam | ||
| 260 | |c 2010 | ||
| 520 | |a Trình bày tổng quan về pháp luật ngân hàng Việt Nam, tổ chức tín dụng, pháp luật về huy động vốn của tổ chức tín dụng, pháp luật về thanh toán qua tài khoản,... | ||
| 526 | |a Luật ngân hàng | ||
| 526 | |b KL610 | ||
| 650 | |a Banking law,Luật ngân hàng | ||
| 650 | |z Vietnam,Việt Nam | ||
| 904 | |i Năm | ||
| 980 | |a Trung tâm Học liệu Trường Đại học Cần Thơ | ||